000 01393nab a22002297a 4500
999 _c5460
_d5460
003 OSt
005 20251113102932.0
008 190604e xxu||||| |||| 00| 0 spa d
040 _cPJ
100 _96462
_aFarini Duggan, Tomás
245 1 3 _aLa ley 27.786 de Organizaciones Criminales /
_cFarini Duggan, Tomás
260 _aCiudad Autónoma de Buenos Aires :
_bThomson Reuters La Ley,
_c2025.
300 _ap. 28-44
500 _aCita Online: TR LALEY AR/DOC/1155/2025.
505 _tSumario: I. Marco general de la ley 27.786.— II. Introducción.— III. El contenido de la ley.— IV. Decomiso: antecedentes y evolución.— V. Naturaleza jurídica.— VI. Decomiso sin condena.— VII. Antecedentes del decomiso sin condena.— VIII. El caso de lavado de activos de origen ilícito.— IX. De la vinculación entre el lavado y el decomiso.— X. La ley 27.786 y la posibilidad de establecer decomiso sin sentencia.— XI. Revisión jurisprudencial del decomiso sin condena.— XII. Conclusión.
505 _t¿Te interesa el texto completo? Solicitalo al correo: koha@justierradelfuego.gov.ar
650 0 _9343
_aDERECHO PENAL
650 0 _93064
_aLAVADO DE ACTIVOS
650 0 _96463
_aDECOMISO
773 0 _02714
_93171
_dCiudad Autónoma de Buenos Aires : Thomson Reuters La Ley, 2014-
_tRevista anales de legislación argentina. Nº 6 - Junio 2025.
942 _2udc
_cANA